Visualizzazione normale
Vista MARC
- Palomar Roman
di Personal Name
Records bibliografici associati: 1
001 - CONTROL NUMBER
- control field: 26793
003 - CONTROL NUMBER IDENTIFIER
- control field: IT-RoPau
005 - DATE AND TIME OF LATEST TRANSACTION
- control field: 20140524223618.0
008 - FIXED-LENGTH DATA ELEMENTS
- fixed length control field: 140524|| aca||aabn | a|a d
040 ## - CATALOGING SOURCE
- Original cataloging agency: IT-RoPau
- Transcribing agency: IT-RoPau
100 ## - HEADING--PERSONAL NAME
- Personal name: Palomar Roman
- Miscellaneous information: Codice interprete SPICS: 20402
- Relator term: Interprete
670 ## - SOURCE DATA FOUND
- Source citation: Work cat.: (IT-RoPau)100189: Anonimo 883, Mariachi Internacional